000 00790nas a2200253 4500
001 BR7702299
003 BR-BrBNA
005 20231205083153.0
007 ta
008 230509b bl.|||p| |||| 00| 00por d
040 _aBR-BrBNA
_bpor
_cBiblioteca Nacional de Agricultura
041 _a(Pt)
072 _aK20
100 1 _aRotta, E.
245 1 _aIdentificacao dendrologica do parque municipal da Barreirinha, Curitiba, PR (baseadas em caracteristicas macromorfologicas)[Parana, Brasil]
650 _aARVORE FLORESTAL
650 _aDENDROLOGIA
650 _aDENDROMETRIA
650 _aBARREIRINHA
650 _aPARANÁ
773 0 _tFloresta (Brazil)
_xISSN 0015-3826
_g(Jun 1977), v. 8(1) p. 78-80
_wBR7702299
909 _a202311
_bLúcia
_c55
_dLúcia Elande
942 _2AGRIS
_n0
_cANA
999 _c96891
_d96891